书目信息 |
| 题名: |
“老班”之声
|
|
| 作者: | 于树增 主编 | |
| 分册: | ||
| 出版信息: | 济南 齐鲁书社 2010 |
|
| 页数: | 401页 | |
| 开本: | 21cm | |
| 丛书名: | ||
| 单 册: | ||
| 中图分类: | G635.16-53 | |
| 科图分类: | ||
| 主题词: | 班主任工作--中学--文集 , 班主任工作 | |
| 电子资源: | ||
| ISBN: | 978-7-5333-2441-4 | |
| 000 | 00956nam0 2200265 45 | |
| 001 | 1133592016 | |
| 005 | 20110414095505.26 | |
| 010 | @a978-7-5333-2441-4@dCNY42.00 | |
| 100 | @a20110407d2010 ekmy0chiy1020 ea | |
| 101 | 0 | @achi |
| 102 | @aCN@b370000 | |
| 105 | @ay z 000yy | |
| 106 | @ar | |
| 200 | 1 | @a“老班”之声@A“ Lao Ban” Zhi Sheng@e班主任工作论文集@EBan Zhu Ren Gong Zuo Lun Wen Ji@f于树增主编@FYu Shu Zeng Zhu Bian |
| 210 | @a济南@c齐鲁书社@d2010 | |
| 215 | @a401页@d21cm | |
| 300 | @a山东师范大学附属中学60周年校庆书系 | |
| 330 | @a本文集记录了班主任的自我角色定位,表达了班主任的自我发展要求;记录了班主任班级管理的法与术,总结了班主任班级管理的得与失等。 | |
| 517 | 1 | @a班主任工作论文集@ABan Zhu Ren Gong Zuo Lun Wen Ji |
| 606 | 0 | @a班主任工作@x中学@j文集 |
| 606 | 0 | @a班主任工作 |
| 690 | @aG635.16-53@v4 | |
| 701 | 0 | @a于树增@AYu Shu Zeng@4主编 |
| 801 | 0 | @aCN@bTANGWEI@c20110414 |
| 905 | @b0535046-50@dG635.16-53@e1099@f5 | |
| “老班”之声:班主任工作论文集/于树增主编.-济南:齐鲁书社,2010 |
| 401页;21cm |
| 山东师范大学附属中学60周年校庆书系 |
| ISBN 978-7-5333-2441-4:CNY42.00 |
| 本文集记录了班主任的自我角色定位,表达了班主任的自我发展要求;记录了班主任班级管理的法与术,总结了班主任班级管理的得与失等。 |
| ● |
| 相关链接 |
|
|
|
|
正题名:"老班"之声
索取号:G635.16-53/1099
 
预约/预借
| 序号 | 登录号 | 条形码 | 馆藏地/架位号 | 状态 | 备注 |
| 1 | 0535046 | 205350467 | 第一样本阅览室/ [索取号:G635.16-53/1099] | 在馆 | |
| 2 | 0535047 | 205350476 | 教育系资料室/ [索取号:G635.16-53/1099] | 在馆 | |
| 3 | 0535048 | 205350485 | 第四借阅区/ [索取号:G635.16-53/1099] | 在馆 | |
| 4 | 0535049 | 205350494 | 第四借阅区/ [索取号:G635.16-53/1099] | 在馆 | |
| 5 | 0535050 | 205350500 | 第四借阅区/ [索取号:G635.16-53/1099] | 在馆 |